100 aeroportos mais movimentados da América do Norte e Central - Statistics

Estatísticas Gerais
  • Esse quiz foi jogado 15 vezes
  • A pontuação média é 42 de 100
Estatísticas das Respostas
# Número de Passageiros País Cidade % Correto
26 27.059.733 Estados Unidos Baltimore
92%
36 21.513.521 Estados Unidos Chicago-Midway
92%
4 80.043.050 Estados Unidos Chicago-O'Hare
92%
10 55.926.566 Estados Unidos Miami
92%
6 63.265.984 Estados Unidos Nova York-JFK
92%
21 33.543.943 Estados Unidos Nova York-LaGuardia
92%
9 57.211.628 Estados Unidos Orlando
92%
13 52.269.844 Estados Unidos São Francisco
92%
27 26.969.128 Estados Unidos Washington-Dulles
92%
28 26.259.434 Estados Unidos Washington-Reagan
92%
1 108.067.766 Estados Unidos Atlanta
83%
72 6.348.091 México Cidade do México-AIFA
83%
17 45.359.485 México Cidade do México-Internacional
83%
5 76.588.028 Estados Unidos Los Angeles
83%
8 58.482.005 Estados Unidos Las Vegas
75%
16 46.590.115 Canadá Toronto-Pearson
75%
18 43.555.230 Estados Unidos Boston
67%
37 19.250.384 Panamá Cidade do Panamá
67%
2 87.817.864 Estados Unidos Dallas / Fort Worth
67%
39 17.882.906 Estados Unidos Dallas-Love Field
67%
23 30.896.572 Estados Unidos Filadélfia
67%
40 17.877.142 México Guadalajara
67%
99 3.192.939 Cuba Havana
67%
15 48.448.545 Estados Unidos Houston-George Bush
67%
44 14.612.605 Estados Unidos Houston-Hobby
67%
84 4.606.824 Canadá Ottawa
67%
51 11.212.646 Estados Unidos San José
67%
71 6.500.549 Costa Rica San José
67%
11 52.640.716 Estados Unidos Seattle / Tacoma
67%
83 4.919.850 Guatemala Cidade da Guatemala
58%
22 32.971.575 Estados Unidos Detroit
58%
48 13.201.419 Estados Unidos Nova Orleans
58%
30 25.241.919 Estados Unidos San Diego
58%
78 5.298.491 El Salvador San Salvador
58%
31 24.757.787 Estados Unidos Tampa
58%
3 82.358.744 Estados Unidos Denver
50%
56 10.520.326 Estados Unidos Indianápolis
50%
45 13.650.872 México Monterrey
50%
32 24.593.324 Estados Unidos Nashville
50%
93 3.700.000 Bahamas Nassau
50%
12 52.325.266 Estados Unidos Phoenix
50%
41 17.518.499 Estados Unidos Portland (OR)
50%
46 13.635.818 Estados Unidos Sacramento
50%
52 11.094.278 Estados Unidos San Antonio
50%
47 13.247.382 Estados Unidos (Porto Rico) San Juan
50%
75 5.534.893 República Dominicana Santo Domingo
50%
29 26.205.801 Canadá Vancouver
50%
35 21.762.904 Estados Unidos Austin
42%
24 30.563.739 México Cancún
42%
7 58.811.725 Estados Unidos Charlotte
42%
50 12.121.778 Estados Unidos Kansas City
42%
33 22.406.972 Canadá Montreal
42%
59 9.945.601 Estados Unidos Pittsburgh
42%
42 15.946.730 Estados Unidos Saint Louis
42%
25 28.364.610 Estados Unidos Salt Lake City
42%
76 5.491.970 Estados Unidos Albuquerque
33%
57 10.173.861 Estados Unidos Cleveland
33%
63 7.919.690 Canadá Edmonton
33%
64 7.647.916 Estados Unidos Jacksonville
33%
73 6.316.245 Estados Unidos Milwaukee
33%
14 48.853.370 Estados Unidos Newark
33%
85 4.602.737 Estados Unidos Oklahoma City
33%
58 10.105.713 República Dominicana Punta Cana
33%
82 4.961.000 Estados Unidos Buffalo
25%
38 18.895.684 Canadá Calgary
25%
60 9.212.348 Estados Unidos Cincinnati
25%
61 8.965.614 Estados Unidos Columbus
25%
89 4.038.530 Estados Unidos El Paso
25%
20 35.208.611 Estados Unidos Fort Lauderdale
25%
91 3.979.785 Canadá Halifax
25%
19 37.168.257 Estados Unidos Minneapolis / Saint Paul
25%
77 5.368.921 Estados Unidos Anchorage
17%
81 4.990.885 Estados Unidos Boise
17%
34 21.999.397 Estados Unidos Honolulu
17%
98 3.179.905 México León
17%
92 3.716.588 México Mérida
17%
79 5.277.326 Estados Unidos Omaha
17%
95 3.293.317 Holanda (Aruba) Oranjestad
17%
43 15.475.466 Estados Unidos Raleigh
17%
49 12.577.865 México Tijuana
17%
74 6.295.439 Estados Unidos Charleston
8%
54 11.028.182 Estados Unidos Fort Myers
8%
55 10.820.939 Estados Unidos Oakland
8%
100 3.056.000 Estados Unidos Pensacola
8%
90 4.011.681 Estados Unidos Providence
8%
87 4.245.686 Estados Unidos Sarasota
8%
96 3.247.670 Estados Unidos Tulsa
8%
86 4.297.478 Canadá Winnipeg
8%
70 6.550.281 Estados Unidos Burbank
0%
69 6.656.380 Estados Unidos Hartford
0%
66 7.087.116 Estados Unidos Kahului
0%
88 4.154.295 Estados Unidos Kona
0%
94 3.671.963 Estados Unidos Lihue
0%
65 7.508.982 México Los Cabos
0%
80 5.105.417 Jamaica Montego Bay
0%
67 7.084.864 Estados Unidos Ontario
0%
97 3.230.914 Estados Unidos Palm Springs
0%
68 6.811.013 México Puerto Vallarta
0%
53 11.089.405 Estados Unidos Santa Ana
0%
62 8.403.510 Estados Unidos West Palm Beach
0%
Nenhum quiz correspondente encontrado
Distribuição das Pontuações
Porcentagem de Pessoas com Cada Pontuação
Percentil de Números Respondidos
Sua Pontuação Histórica
Você não jogou esse quiz